logo

Bir Sreshtho Munshi Abdur Rouf Library
Jhenaidah Cadet College

বাংলাদেশে অর্থনৈতিক শোষণ / (Record no. 1941)

MARC details
000 -LEADER
fixed length control field 00906nam a2200265 a 4500
001 - CONTROL NUMBER
JCCL Control Number 1941
003 - CONTROL NUMBER IDENTIFIER
JCCL marc code 1941
005 - DATE AND TIME OF LATEST TRANSACTION
control field 20220519134021.0
008 - FIXED-LENGTH DATA ELEMENTS--GENERAL INFORMATION
fixed length control field 050310s2004 bg b 000 0 eng d
020 ## - INTERNATIONAL STANDARD BOOK NUMBER
International Standard Book Number 0595307949
035 ## - SYSTEM CONTROL NUMBER
system control number (BD-JhCC)1941
040 ## - CATALOGING SOURCE
Original cataloging agency BD-JhCC
Modifying agency BD-JhCC
041 ## - LANGUAGE CODE
Language code of Book ben
082 ## - DEWEY DECIMAL CLASSIFICATION NUMBER
Classification number 330.95492
Author mark and Year CHO 2004
100 1# - MAIN ENTRY--PERSONAL NAME
Personal name চৌধুরী, মাহফুজ.
245 10 - TITLE STATEMENT
Title বাংলাদেশে অর্থনৈতিক শোষণ /
Statement of responsibility, etc মাহফুজ চৌধুরী
250 ## - EDITION STATEMENT
Edition statement 2nd ed. (1st ed, published in USA by iUniverse Inc, January 2004)
260 ## - PUBLICATION, DISTRIBUTION, ETC. (IMPRINT)
Place of publication, distribution, etc ঢাকা :
Name of publisher, distributor, etc শ্রাবন প্রকাশনী,
Date of publication, distribution, etc ২০০৪.
300 ## - PHYSICAL DESCRIPTION
Pagination 116 p. :
Dimensions 22 cm.
504 ## - BIBLIOGRAPHY, ETC. NOTE
Bibliography, etc Includes bibliographical references (p. 91-93).
651 #0 - SUBJECT ADDED ENTRY--GEOGRAPHIC NAME
Geographic name Bangladesh
General subdivision Economic conditions.
651 #0 - SUBJECT ADDED ENTRY--GEOGRAPHIC NAME
Geographic name Bangladesh
General subdivision History.
942 ## - ADDED ENTRY ELEMENTS (KOHA)
Source of classification or shelving scheme Dewey Decimal Classification
Koha item type Books
Koha issues (borrowed), all copies 1
Holdings
Source of classification or shelving scheme Damaged status Not for loan Home library Current library Shelving location Date of accession Source of acquisition Cost, normal purchase price Total Checkouts Full call number Barcode Date last seen Date checked out Copy number Koha item type Method of acquisition Currency
Dewey Decimal Classification     JCC Rouf Library JCC Rouf Library Reference 10/23/2017 Foundation of tenth's Efforts 100.00 1 330.95492 CHO 2004 3431 06/09/2022 05/19/2022 C-1 Books    
Dewey Decimal Classification     JCC Rouf Library JCC Rouf Library General Stacks 03/11/2018   100.00   330.95492 CHO 2004 3194 03/11/2018   C-2 Books    
Dewey Decimal Classification     JCC Rouf Library JCC Rouf Library General Stacks     100.00   330.95492 CHO 2004 19442 05/24/2024   C-3 Books Purchase BDT

JCC Library | Contacts | JCC Home

Last Update on 23 September 2017
Copyright @ 2017-2020 JCC Rouf Library
Rouf Library, Jhenidah Cadet College (JCC), Bangladesh